[Event "Capablanca Memorial Premier 33rd"]
[Site "Havana"]
[Date "1998.05.18"]
[Round "10"]
[White "Vallejo Pons, Francisco"]
[Black "Pecorelli Garcia, Humberto"]
[Result "1/2-1/2"]
[WhiteElo "2415"]
[BlackElo "2465"]
[Annotator "Donev,I"]
[PlyCount "29"]
[EventDate "1998.05.07"]
[EventType "tourn"]
[EventRounds "13"]
[EventCountry "CUB"]
[EventCategory "8"]
[SourceTitle "CBM 065"]
[Source "ChessBase"]
[SourceDate "1998.08.06"]
[SourceVersion "1"]
[SourceVersionDate "1998.08.06"]
[SourceQuality "1"]

1. e4 e6 2. d4 d5 3. Nd2 Nc6 4. Ngf3 Nf6 5. e5 Nd7 6. Be2 f6 7. exf6 Nxf6 8.
O-O Bd6 9. c4 O-O 10. c5 Bf4 11. Bb5 Ne4 $146 (11... Bd7 12. Re1 Qe8 13. Bxc6
Bxc6 14. Nf1 Ne4 15. Bxf4 Rxf4 16. Ng3 $14 {Short,N-Vaganian,R/Naestved 1985/
MCL 01 (62)}) (11... e5 12. Bxc6 e4 13. Bb5 c6 14. Be2 exf3 15. Nxf3 Ne4 16.
Bxf4 Rxf4 17. Qd3 (17. Ne5 Qf6 18. Nd3 Rh4 19. g3 Bh3 20. Nf4 Rxf4 {0-1 Jurik,
Z-Skola,M/cr CR cup 1993}) 17... Bg4 18. Ne5 Bxe2 19. Qxe2 Ng5 20. Qe3 Re4 21.
Qc3 {1/2-1/2 Korolev,A-Barash,D/URS-ch17 corr 1986/CR97-86 (40)}) 12. Re1 (12.
Nxe4 dxe4 13. Bxc6 $1 bxc6 (13... exf3 14. Bxf3 $16) 14. Bxf4 exf3 (14... Rxf4
15. Ne5 $1 $16) 15. g3 $1 (15. Qxf3 g5 16. Qxc6 Bd7 17. Qxc7 Rxf4 $15) 15...
Rb8 16. b3 $14) 12... Nxd4 13. Nxe4 (13. Nxd4 Nxf2 (13... Bxh2+ $1 14. Kxh2
Nxf2 $3 {[%cal Yf2d1,Yd8h4]} (14... Qh4+ 15. Kg1 Qxf2+ 16. Kh2 $11) 15. N2f3
Nxd1 16. Bg5 Rf6 $17) 14. Kxf2 Bxd2+ 15. Kg1 Bxe1 16. Qxe1 $13) 13... Nxb5 14.
Neg5 {[%cal Yd1d3,Yd3b5,Yd3h7]} Bxc1 15. Rxc1 (15. Rxc1 c6 16. Qd3 g6 17. Nxe6
Bxe6 18. Rxe6 $11) 1/2-1/2

[Event "CRO-ch 6th"]
[Site "Pula"]
[Date "1998.01.19"]
[Round "10"]
[White "Rogic, Davor"]
[Black "Kovacevic, Vlatko"]
[Result "1-0"]
[WhiteElo "2445"]
[BlackElo "2520"]
[Annotator "Donev,I"]
[PlyCount "41"]
[EventDate "1998.01.09"]
[EventType "tourn"]
[EventRounds "13"]
[EventCountry "CRO"]
[EventCategory "9"]
[SourceTitle "CBM 064"]
[Source "ChessBase"]
[SourceDate "1998.06.02"]
[SourceVersion "1"]
[SourceVersionDate "1998.06.02"]
[SourceQuality "1"]

1. e4 e6 2. d4 d5 3. Nd2 Nc6 4. Ngf3 Nf6 5. e5 Nd7 6. Be2 a6 7. Nf1 (7. O-O f6
8. exf6 Qxf6 9. Nb3 h6 (9... Bd6 10. Bg5 Qf7 11. c4 h6 12. Bh4 O-O 13. Bg3 Bxg3
14. hxg3 Ne7 15. Rc1 c6 16. Bd3 dxc4 17. Bxc4 Nd5 18. Nc5 Nxc5 19. Bxd5 exd5
20. Ne5 Qf6 21. Rxc5 a5 22. Qd2 Qd8 23. Re1 Bd7 24. Rc3 Bf5 25. Rce3 Qd6 26.
Rc3 Rf6 27. Rec1 Bd7 28. Qc2 Be8 29. a3 a4 30. Qd2 Re6 31. Re3 b6 32. Rce1 Bd7
33. f4 Rae8 34. Rc1 {Rade,M-Kovacevic,V/Solin 1994/EXT 94b/0-1 (54)}) 10. Be3
Bd6 11. c4 O-O 12. Rc1 dxc4 13. Bxc4 Nb4 14. Nc5 Nb6 15. Bb3 N6d5 16. a3 Nc6
17. Ne4 Qg6 18. Bc2 Nf4 19. Bxf4 Bxf4 20. Ng3 Qf7 21. Qd3 g5 22. Rce1 Rd8 23.
Qe4 Rd6 24. Ne2 Rd5 25. Nxf4 gxf4 26. Bb3 Rd6 27. Ne5 Nxe5 28. Qxe5 Bd7 29. Re4
Rf8 30. Rfe1 Qf6 31. Qc5 f3 {Godena,M-Kovacevic,V/Manila olm 1992/TD 92\02/1/
2-1/2 (42)}) 7... f6 8. exf6 {Diese Variante der Französischen Verteidigung
ist eine Spezialität von GM Kovacevic. Früher nahm er meistens mit der Dame
auf f6 wieder, um den Befreiungszug e6-e5 zu unterstützen.} Nxf6 9. Ne3 (9. Ng3
Bd6 10. O-O O-O 11. c4 Bd7 12. Bg5 h6 13. Bd2 Be8 14. Rc1 Bg6 15. Be3 Kh8 16.
Nh4 Bh7 17. Bd3 Ne4 18. Nf3 Nb4 19. Bb1 Nxg3 20. hxg3 Bxb1 21. Rxb1 dxc4 22.
Qc1 b5 23. Bxh6 Nxa2 24. Qe3 Nb4 25. Bg5 Qe8 26. Nh4 Kg8 27. Qe4 e5 28. Qg4 Nd3
29. b3 exd4 30. bxc4 Ne5 31. Qxd4 Nxc4 32. Rbe1 Qf7 33. g4 c5 34. Qd3 Rfe8 35.
Nf5 Bf8 36. Be7 Rac8 37. Bxf8 Kxf8 38. g5 Rxe1 39. Rxe1 Re8 40. Rd1 Qe6 41. Qh3
b4 42. g6 Qxg6 43. Rd7 Kg8 44. Rxg7+ Qxg7 45. Nxg7 Re1+ 46. Kh2 Nd2 47. Qg4 Ne4
48. Ne6+ Kf7 49. Qf5+ {1-0 Dvoirys,S-Kovacevic,V/Graz op 1994/EXT 97}) 9... Bd6
10. O-O O-O 11. c4 b6 12. a3 Kh8 13. Qc2 e5 14. dxe5 Nxe5 15. Nxe5 Bxe5 16.
cxd5 Nxd5 $4 {Ein schwerer Bock in fast ausgeglichener Stellung. Mit seinem
nächsten Damenzug stellt Weiß einen einfachen Doppelangriff auf, wonach es für
Schwarz auch durch taktische Verwicklungen keine Rettung mehr gibt.} (16... Bb7
$142 17. Rd1 (17. Bf3 Nxd5 18. Nxd5 (18. Rd1 Nxe3 19. Bxe3 (19. Rxd8 Nxc2 20.
Rxf8+ Rxf8 $19) 19... Qb8 20. Bxb7 Qxb7 $11) 18... Bxd5 19. Rd1 Rxf3 $1 20.
gxf3 Qd7 $40 {[%cal Yd7h3]}) 17... Nxd5 18. Bf3 Nxe3 19. Bxe3 Qc8 $11) 17. Qe4
$1 $18 {[%cal Ye4e5,Ye4d5,Yd5a8]} Nf4 18. Bf3 {[%cal Ye4e5,Ye4a8] Immer noch
sind zwei schwarze Figuren angegriffen.} Qg5 19. Nc4 Bg4 20. Qxe5 Qg6 21. Bxa8
1-0

[Event "Ashdod op"]
[Site "Ashdod"]
[Date "2004.12.13"]
[Round "6"]
[White "Erenburg, Sergey"]
[Black "Porat, Shay"]
[Result "1-0"]
[WhiteElo "2537"]
[BlackElo "2421"]
[Annotator "Erenburg,S"]
[PlyCount "125"]
[EventDate "2004.12.09"]
[EventType "swiss"]
[EventRounds "9"]
[EventCountry "ISR"]
[SourceTitle "CBM 103 Extra"]
[Source "ChessBase"]
[SourceDate "2005.01.01"]
[SourceVersion "1"]
[SourceVersionDate "2005.01.01"]
[SourceQuality "1"]

1. e4 e6 2. d4 d5 3. Nd2 Be7 4. Ngf3 {Other theoretical possibilities are:} (4.
e5) (4. Bd3) 4... Nf6 5. e5 Nfd7 6. c3 c5 7. Be2 {Rare continuation in
comparison to 7.Bd3. The main idea of this move is that white keeps for
himself the option to play Nd2-b3 in case of black's attack on the d4 pawn.
White tried also:} (7. Bd3 Nc6 8. O-O a5 9. Re1 cxd4 10. cxd4 Nb6 (10... Qb6
11. Nb1 {[%csl Gb5][%cal Gb1c3,Gc3b5]} Nxd4 12. Nxd4 Qxd4 13. Nc3 Qb6 14. Be3
$5 $146 Qd8 $6 15. Qg4 O-O 16. Bh6 g6 17. Bxf8 Bxf8 18. Bb5 Bg7 19. Qd4 f6 20.
Nxd5 $1 fxe5 21. Qc4 exd5 22. Qxd5+ Kh8 23. Rad1 $18 {1-0 Oratovsky,M-Lalic,B/
Salou 2004/CBM 101/[Oratovsky,M] (49)}) 11. Nb1 a4 12. a3 Bd7 13. Nc3 Na5 14.
Bc2 Nac4 15. Rb1 h6 16. Ne2 Qc7 17. Nf4 g6 18. h3 Rc8 19. Bd3 Na5 20. Nd2 Nbc4
21. Nxc4 Nxc4 22. Bxg6 $5 fxg6 23. Nxg6 Rg8 24. Qh5 Kd8 25. Qxh6 Rxg6 26. Qxg6
Qb6 27. Bg5 Qxd4 $11 {1/2-1/2 Hracek,Z-Ostenstad,B/Rethymnon 2003/CBM 98/
[Mueller,Karsten] (39)}) (7. a3 a5 8. Bb5 Qb6 9. Qa4 O-O 10. O-O Nc6 11. Re1 f6
12. exf6 Nxf6 13. Bd3 Bd7 14. Qc2 cxd4 15. c4 h6 16. b3 Rac8 17. Bb2 Bd6 18.
Rac1 Bb8 19. Qd1 Ng4 20. h3 Nge5 $15 {0-1 Rozentalis,E-Ivanov,S/Chalkidiki
2002/CBM 92 (37)}) 7... Nc6 8. O-O cxd4 {After white played Nb1-d2, the
capture on d4 seems logical, as white cannot develop his queenside knight to
c3. The alternative is:} (8... Qb6 9. Nb3 cxd4 10. cxd4 f6 11. exf6 Nxf6 12.
Bf4 O-O 13. h3 Nh5 14. Bh2 Nf4 15. Re1 Bb4 16. Rf1 Bd6 17. Rc1 a5 18. a4 Nxe2+
19. Qxe2 Bxh2+ 20. Nxh2 Qxb3 {0-1 Smagin,S-Glek,I/Moscow 1999/EXT 2001 (20)})
9. cxd4 f6 10. exf6 Nxf6 11. Nb3 {Now white's main strategical idea is an
exchange of dark-squared bishops. In opposite, black's plan should be managing
initiative on the kingside, as well as carrying out e6-e5.} Bd6 12. Bg5 {
Strong move. White pins black's kingside knight, that could occupy the f4
square via h5. White intends to change the dark-squared bishops on g3.} O-O 13.
Bh4 Qe7 {Black prepares to carry out e6-e5, that will activate his
light-squared bishop.} 14. Bg3 Bxg3 15. hxg3 e5 16. dxe5 Nxe5 17. Nxe5 ({After
} 17. Re1 {black can try to develop some initiative on the kingside with:} Neg4
18. Bd3 Qf7 19. Rc1 Qh5 $13) 17... Qxe5 18. Qd2 Bf5 19. Rfe1 $14 {White's
position is slightly better, thanks to black's isolated d5 pawn. White is
going to cover the e4 square and to occupy the stronghold d4.} Bg6 20. Bf3 Qd6
21. Rad1 Rad8 22. g4 $1 {threatening with g4-g5.} Qb6 23. Re7 (23. Qa5 {
deserved attention.}) 23... Be4 (23... Rfe8 {is met by} 24. Rxe8+ Rxe8 25.
Bxd5+ $14 (25. Qa5 $5 $14)) 24. Nd4 (24. Qd4 {doesn't promise white anything
special:} Qxd4 25. Nxd4 Bxf3 26. gxf3 Rf7 $11) 24... Rfe8 25. Rxe8+ Nxe8 (25...
Rxe8 {is bad, in view of} 26. g5 Bxf3 27. Nxf3 $16) 26. Re1 h6 {covering the
g5 square.} 27. g5 $1 {creating another isolated pawn in black's camp.} hxg5
28. Qxg5 ({In such positions it is not recommendable to change the knight:} 28.
Ne6 Qxe6 29. Bxe4 Kf8 {and black is closed to a draw.}) 28... Qf6 ({Of course
not} 28... Qxd4 $4 29. Qxd8 $18) 29. Qxf6 {Certainly, white's chances are very
good in endgame, thanks to black's pawn weaknesses.} Nxf6 30. Bd1 $1 {,
transfering the bishop to b3. White's bishop is much better, than the black's
one, therefore, white avoids this trade.} Bd3 31. Bb3 {threatening with the
invasion to e7.} Bc4 $6 $138 ({Better is} 31... Kf7 32. f3 $14) 32. Bc2 $1 Re8
33. Rc1 $1 {White is going to occupy one of the open files- either "e" or "c".}
Ne4 (33... Kf7 34. b3 Ba6 35. Bf5 $36) 34. f3 Nd6 35. Bg6 $1 {driving away the
black's rook from the "e" file, as well as threatening with b2-b3.} Rc8 36. b3
Ba6 37. Re1 $16 {/+-} Kf8 {Black has to cover the e7 square.} 38. Ne6+ Kg8 (
38... Ke7 39. Nf4+ $18) 39. Re5 (39. Rd1 $18 {strong enough as well.}) 39...
Rc1+ 40. Kh2 Rd1 41. Nf4 $2 $138 {missing simple way to win the game.} (41. Ng5
$1 $18 {with following Re6. Black is hopeless here:} Rc1 42. Re6 Rc6 43. Nf7 $1
$18) 41... Kf8 42. Re6 $2 {Another inaccuracy.} ({Much stronger was simple} 42.
Nxd5 $16 {/+-}) 42... Nf7 43. Bc2 $2 {Mistake follows mistake. White still has
quite an obvious advantage after:} (43. a4 $3 {[%csl Ya4][%cal Ga4b5,Yf4h3,
Yh3g5,Ge6e8,Gg6e8] covering the b5 square, thus, threatening with Nh3.} Rd4 (
43... Bf1 44. Re3 $1 b6 45. Ne6+ Ke7 (45... Kg8 46. Ng5 Nd6 47. Re6 $18) 46.
Ng5+ Kf6 47. Bc2 $1 $18 {[%cal Yg5h7,Gc2d1]}) 44. Rxa6 Rxf4 45. Rxa7 $16) (43.
Nh3 {[%cal Yh3g5,Gg6e8,Ge6e8] is parried by} Bb5 $1) 43... Rd2 44. Ng6+ ({
Probably, better was} 44. Bg6) 44... Kg8 45. Re8+ Kh7 46. Bf5 ({Somehow, white
doesn't win after} 46. Nf8+ Kh6 47. Re6+ Kg5 48. Bg6 Nh8 $1 49. Kg3 $13 (49.
Be8 Bf1 $132)) 46... Bd3 $2 {Now it is black's turn to make mistake.} ({After} 
46... Kh6 $1 {white is still much better, but it is not easy to find it in the
game...} 47. Ne7 $3 {[%cal Yf5e6] building mate construction- Be6 and f4.} Bf1
48. Be6 $1 Rxg2+ 49. Kh1 Nd6 50. Rd8 Nb5 51. f4 $1 g5 52. Bh3 Rf2 53. Kg1 $18)
47. Nf8+ Kh6 48. Re6+ Kg5 49. Bxd3 Rxd3 50. Re7 {Now white wins some pawns,
that should promise him a winning position.} Kf6 51. Rxb7 Rd2 (51... a5 52. Ra7
) 52. Rxa7 d4 53. Nh7+ Kg6 54. Nf8+ {winning a time. The time control in
tournament was with the increment of 30 seconds per move.} Kf6 55. Nd7+ Kf5 56.
Kg3 $1 {covering the f4 square.} Rc2 57. Ra5+ Ke6 58. Nc5+ Kd6 59. Ne4+ {
Now white is two pawns up, his pieces are consolidated, so the rest is a
matter of an easy technique for white.} Kc6 60. Ra4 d3 (60... Kd5 {loses as
well:} 61. Ra7 Ne5 62. Ra5+ Ke6 63. f4 $18) 61. Rd4 Ne5 62. f4 {winning
another pawn.} Ng6 {Blunder in absolutely lost position.} {[%tqu "En","Please
find the strongest move for white.","","","d4d6","",10]} 63. Rd6+ 1-0

[Event "Poikovsky Karpov 06th"]
[Site "Poikovsky"]
[Date "2005.03.03"]
[Round "5"]
[White "Rublevsky, Sergei"]
[Black "Vaganian, Rafael A"]
[Result "1/2-1/2"]
[WhiteElo "2650"]
[BlackElo "2670"]
[Annotator "Erenburg,S"]
[PlyCount "41"]
[EventDate "2005.02.26"]
[EventType "tourn"]
[EventRounds "9"]
[EventCountry "RUS"]
[EventCategory "18"]
[SourceTitle "CBM 106"]
[Source "ChessBase"]
[SourceDate "2005.06.06"]
[SourceVersion "1"]
[SourceVersionDate "2005.06.06"]
[SourceQuality "1"]

1. e4 e6 2. d4 d5 3. Nd2 Nc6 4. Ngf3 Nf6 5. e5 Nd7 6. Be2 ({Another
theoretical line is} 6. Bd3) 6... f6 7. exf6 Qxf6 ({The capture with the
knight is a less popular option:} 7... Nxf6 8. O-O Bd6 9. c4 $1 b6 $2 (9... O-O
10. c5 Be7 11. Bb5 $14) 10. cxd5 exd5 11. Bb5 Bd7 12. Re1+ Ne7 13. Bxd7+ Qxd7
14. Ne5 $16 {---> 1-0 Khalifman,A-Timman,J/Reykjavik 1991/CBM 026/[Anand] (28)}
) 8. Nf1 {protecting the central pawn, and preparing to transfer the knight to
e3 either to g3. It should be noted, that sometimes white can develop his
dark-squared bishop to g5 with the tempo.} Bd6 {Black continues to develop the
pieces. He has an alternative of immediate breakthrough in the centre:} (8...
e5 {, but it has a reputation of extremely dangerous continuation for black:}
9. Ne3 (9. dxe5 Ndxe5 10. Qxd5 Be6 11. Qb5 a6 12. Qa4 O-O-O 13. Nxe5 Qxe5 14.
c3 Bb4 15. cxb4 Bc4 16. Ne3 Bxe2 17. Kxe2 Nd4+ 18. Ke1 Rhe8 19. Bd2 Qe4 20. Kd1
Qd3 21. Re1 Nb3 $19 {0-1 Makarichev,S-Vaganian,R/Tbilisi 1973/MCD (27)}) 9...
e4 10. Nxd5 Qd6 11. c4 exf3 12. Bf4 Qxf4 13. Nxf4 Bb4+ 14. Kf1 O-O 15. Bxf3
Rxf4 16. Bxc6 bxc6 17. c5 $18 {[%cal Ya2a3] 1-0 Makarichev,S-Huebner,R/
Amsterdam 1975/MCL (45)}) 9. Ne3 O-O ({Also possible:} 9... b6 10. O-O Bb7 11.
b3 O-O-O 12. Bb2 {---> 1-0 Kundin,A-Rabinovich,A/Israel 2002/CBM 088/[Kundin] 
(39)}) 10. O-O Qg6 {preparing the f6 square for the knight.} ({Worse is:} 10...
Nb6 11. Ng4 Qg6 12. Nh4 (12. Nfe5 Bxe5 13. Nxe5 Nxe5 14. dxe5 Bd7 15. b3 c5 {
Kapengut-Yurtaev Kiev 1978}) (12. h3 $1 e5 $6 13. Ngxe5 $1 Bxe5 14. dxe5 Bxh3
15. Nh4 $1 Qe4 16. f4 Bd7 17. Bd3 $16 {Dolmatov,S-Yurtaev,L USSR 1978 1/2-1/2
??!}) 12... Qe8 13. Nf3 e5 14. Ngxe5 Nxe5 15. Nxe5 Bxe5 16. dxe5 Qxe5 17. c3
Bf5 18. Be3 Nc4 19. Bd4 Qd6 20. b4 b6 21. Re1 Rfe8 22. Bxc4 Rxe1+ 23. Qxe1 dxc4
24. Qe3 $16 {---> 1-0 Malaniuk,V-Sahovic,D/Lvov 1984/MCL/[ChessBase] (49)}) 11.
c4 {intending to drive away the dark-squared bishop from an active position by
c4-c5.} Nf6 12. c5 Bf4 13. Nc2 $5 $146 {White changes black's important
dark-squared bishop. On the other hand, he weakened the central pawn d4, that
gives black good counterchances. In the preceding games white have tried:} (13.
Re1 Bd7 14. Nf1 Ng4 15. Bd3 Qf6 16. h3 Bxc1 17. Rxc1 Nh6 18. Bb5 Rae8 19. Qd2
Nf5 20. N1h2 Qd8 21. Bxc6 Bxc6 22. Ng4 $16 {1-0 Malaniuk,V-Short,N/Lvov 1984/
MCL (31)}) (13. g3 Ne4 14. Ng2 Bxc1 15. Rxc1 Bd7 $13 {1/2-1/2 Marciano,
D-Grabert,R/Budapest 1991/EXT 99 (40)}) 13... Ne4 $1 {Black doesn't succeed to
equalize after the following continuations:} (13... e5 14. dxe5 Bxe5 15. Nxe5
Nxe5 16. Bf4 $14) (13... Bxc1 14. Rxc1 Ne4 15. Bd3 e5 {[%cal Yc8g4]} 16. Nxe5
Nxe5 17. dxe5 $16) 14. Bxf4 {There are some other attempts to get an advantage:
} (14. Bd3 e5 $1 15. dxe5 (15. Bxf4 exf4 16. Re1 Bh3 17. Bf1 Rae8 $11) (15.
Nxe5 Nxe5 16. dxe5 Bxe5 $15) 15... Bg4 $1 $132 (15... Bxe5 16. Bxe4 dxe4 17.
Nxe5 Nxe5 18. Qd5+ Nf7 19. Bf4 $14)) (14. Bb5 $5 e5 $1 (14... Bd7 15. Bxf4 Rxf4
16. Bxc6 Bxc6 17. Ne5 $14) 15. dxe5 (15. Bxc6 bxc6 16. Bxf4 exf4 17. Ne5 Qf6
18. Nb4 a5 19. Nbd3 (19. Nbxc6 Bb7) 19... Ng5 $13) 15... a6 (15... Bh3 $141 16.
Nh4 $18) 16. Ba4 (16. Qxd5+ $2 Be6 $17) (16. Bxc6 bxc6 $44) (16. Be2 Be6 $13)
16... Ne7 $13) 14... Rxf4 15. Nce1 $1 {[%csl Ge5][%cal Yf3e5,Yd3e5,Ge1d3]
preparing an occupation of e5 stronghold.} (15. Bd3 {doesn't promise anything
special:} Bd7 {[%cal Ya8f8]} 16. Nd2 Rxf2 $1 17. Rxf2 Nxf2 18. Bxg6 Nxd1 $11)
15... Ng5 $1 {[%cal Yc6d4,Yf4d4,Gg5f3] creating the threats against white's
centre.} 16. g3 ({Comes to consideration:} 16. Nxg5 $5 Qxg5 17. Nf3 Qg6 (17...
Qf6 18. g3 $14) 18. Qd2 $14) 16... Nxf3+ 17. Nxf3 Bd7 18. Bd3 $6 {missing more
attractive continuation:} (18. b4 $5 {White's idea is very simple- to drive
away the knight from c6 , thus, to occupy the e5 stronghold.} a6 (18... Nxb4 $4
19. Ne5 $18) (18... Rxf3 19. Bxf3 Qf6 20. Bg2 Nxd4 (20... Qxd4 21. b5 Qxd1 22.
Rfxd1 Ne7 23. Rab1 $16) 21. a4 $16) 19. a4 e5 20. Nxe5 (20. dxe5 Nxb4) 20...
Nxe5 21. dxe5 $16) 18... Qg4 19. Be2 ({Another interesting attempt to get an
edge is} 19. Ne5 $5 Nxe5 (19... Qxd1 20. Rfxd1 Rxd4 21. Nxc6 Rxd3 (21... Bxc6
22. Bxh7+ Kxh7 23. Rxd4 $16) 22. Rxd3 Bxc6 23. Re1 $16) 20. dxe5 Qxd1 21. Rfxd1
Rf7 $14 {/=. But, it is clear, that white's advantage (if there is any) is
very small...}) 19... Qg6 20. Bd3 (20. b4 $1 {-see 18.b4}) 20... Qg4 21. Be2
1/2-1/2

[Event "Bern op"]
[Site "Bern"]
[Date "1992.??.??"]
[Round "3"]
[White "Blauert, Joerg"]
[Black "Foisor, Ovidiu Doru"]
[Result "1-0"]
[WhiteElo "2375"]
[BlackElo "2425"]
[Annotator "Ernst,T"]
[PlyCount "76"]
[EventDate "1992.02.??"]
[EventType "swiss"]
[EventRounds "9"]
[EventCountry "SUI"]
[SourceTitle "CBM 028"]
[Source "ChessBase"]
[SourceDate "1992.06.01"]
[SourceVersion "1"]
[SourceVersionDate "1992.06.01"]
[SourceQuality "1"]

1. e4 e6 2. d4 d5 3. Nd2 Nc6 4. Ngf3 Nf6 5. e5 Nd7 6. Be2 f6 7. exf6 Qxf6 8.
Nf1 b6 (8... e5 $6 9. Ne3 $1 e4 10. Nxd5 Qd6 11. Bc4 $1 exf3 12. Bf4 Qg6 13.
Nxc7+ Kd8 14. Qxf3 Nb6 15. Bd3 Bg4 16. Qg3 $16 {Dolmatov - Sisniega, Graz 1978.
}) 9. Ne3 Bb7 10. Ng4 Qg6 11. Nh4 Qf7 12. f4 $14 Bd6 13. Ne5 Ndxe5 14. fxe5 Be7
15. Nf3 O-O-O 16. Bg5 h6 17. Bxe7 Qxe7 18. O-O Rhf8 19. c3 Na5 20. b3 c5 21.
Qd2 Kb8 22. Rac1 g5 23. g3 Nc6 24. Qe3 h5 25. Rcd1 h4 $6 26. Nxg5 hxg3 27. hxg3
cxd4 28. cxd4 Rg8 29. Nh3 $16 {Mit einem gesunden Mehrbauern hat Weiss klaren
Vorteil.} Qh7 30. Nf4 Ne7 31. Bd3 Nf5 32. Bxf5 Qxf5 33. Kg2 Rg4 34. Rf3 Rh8 35.
Rh1 Rc8 36. Rh5 Qb1 37. Rf2 Rc1 38. Ne2 Rc8 {Und Schwarz überschritt
wahrscheinlich die Zeit.} 1-0

[Event "URS-ch58"]
[Site "Moscow"]
[Date "1991.??.??"]
[Round "4"]
[White "Akopian, Vladimir Eduardovic"]
[Black "Budnikov, Alexandar"]
[Result "1-0"]
[WhiteElo "2590"]
[BlackElo "2525"]
[Annotator "Ernst,T"]
[PlyCount "37"]
[EventDate "1991.11.??"]
[EventType "swiss"]
[EventRounds "11"]
[EventCountry "URS"]
[SourceTitle "URS-ch"]
[Source "ChessBase"]
[SourceDate "1999.07.01"]
[SourceVersion "1"]
[SourceVersionDate "1999.07.01"]
[SourceQuality "1"]

1. e4 e6 2. d4 d5 3. Nd2 Nc6 4. Ngf3 Nf6 5. e5 Nd7 6. c3 f6 (6... Be7 7. Bd3 f6
8. Qe2 fxe5 9. Nxe5 Ncxe5 10. dxe5 Nc5 11. Qh5+ Kd7 12. Bc2 $14 {Smagin -
Klinger, Hartberg 1991}) 7. exf6 Qxf6 8. Be2 e5 (8... Bd6 9. Nf1 O-O 10. Ng3 h6
11. O-O Qf7 12. c4 b6 13. Be3 {Matkovic,T-Jacimovic,D/JUG-ch Kladovo/1991/1/
2-1/2/}) 9. dxe5 Ndxe5 10. Qb3 Bd6 11. Nxe5 Qxe5 12. Nf3 Qf5 13. Be3 O-O 14.
O-O-O Ne7 15. Bd3 $16 Qh5 16. Rhe1 c5 17. Be4 c4 18. Qb5 a6 19. Bxd5+ {Eine
der kürzesten Gewinnpartien dieser Meisterschaft.} 1-0